Entry Personal Name
Number of records used in: 1
001 - CONTROL NUMBER
003 - CONTROL NUMBER IDENTIFIER
005 - DATE AND TIME OF LATEST TRANSACTION
- control field:
20230905104055.0
008 - FIXED-LENGTH DATA ELEMENTS
- fixed length control field:
101008n| azannaabn |n aaa
010 ## - LIBRARY OF CONGRESS CONTROL NUMBER
- LC control number:
n 2010067353
035 ## - SYSTEM CONTROL NUMBER
- System control number:
(OCoLC)oca08652261
040 ## - CATALOGING SOURCE
- Original cataloging agency:
DLC
- Language of cataloging:
eng
- Description conventions:
rda
- Transcribing agency:
DLC
- Modifying agency:
ICrlF
046 ## - SPECIAL CODED DATES
- Birth date:
1981
- Source of date scheme:
edtf
100 1# - HEADING--PERSONAL NAME
- Personal name:
García, Héctor,
- Dates associated with a name:
1981-
372 ## - FIELD OF ACTIVITY
- Field of activity:
Software engineering
- Field of activity:
Culture
- Source of term:
lcsh
374 ## - OCCUPATION
- Occupation:
Computer engineers
- Occupation:
Authors
- Source of term:
lcsh
375 ## - GENDER
- Gender:
Males
- Source of term:
lcdgt
377 ## - ASSOCIATED LANGUAGE
- Language code:
eng
- Language code:
spa
670 ## - SOURCE DATA FOUND
- Source citation:
A geek in Japan, c2010:
- Information found:
ECIP t.p. (Hector Garcia) data view (b. 1981)
670 ## - SOURCE DATA FOUND
- Source citation:
OCLC, Oct. 8, 2010
- Information found:
(hdg.: García, Héctor, 1981- )
670 ## - SOURCE DATA FOUND
- Source citation:
García, Héctor. Ikigai, 2017 :
- Information found:
title page (Héctor García) jacket flap (Héctor García, citizen of Japan, where he has lived for over a decade, and of Spain, where he was born, former software engineer, worked at CERN in Switzerland, creator of the blog kirainet.com and author of A geek in Japan)
670 ## - SOURCE DATA FOUND
- Source citation:
A geek in Japan website, Mar. 22, 2018
- Information found:
(Héctor García, born in Europe in 1981, moved to Japan in 2004, wrote a book about his observations while living in Japan)
670 ## - SOURCE DATA FOUND
- Source citation:
LinkedIn, Mar. 22, 2018
- Information found:
(Hector Garcia, chief architect at DG LAB, Tokyo, Japan, former search engineer at CERN, speaks five languages fluently)